Les prénoms les plus populaires en Suisse depuis 1920 - Statistiques

Statistiques générales
  • Ce quiz a été pris 146 fois
  • Le résultat moyen est 5 sur 20
Statistiques - réponses
INDICE PRENOM % Correct
1 M Maria
63%
2 H Hans
49%
1 P Peter
44%
9 U Urs
44%
3 U Ursula
43%
4 T Thomas
42%
3 D Daniel
36%
7 M Martin
29%
5 W Walter
27%
10 B Beat
22%
8 C Christian
20%
2 R Ruth
17%
4 E Elisabeth
16%
8 B Barbara
15%
10 C Christine
12%
6 M Markus
10%
6 M Monika
10%
7 M Marianne
8%
9 M Margrit
3%
5 A Andreas
2%
Aucun quiz correspondant
Distribution des résultats
% des personnes avec chaque résultat
Percentile par nombre de réponses
Votre historique - résultats
Vous n’avez pas pris ce quiz